00569nab a2200157 4500001000700000003000400007005001700011007000300028008001900031040002100050245020000071264000900271653002200280653001500302773009400317244442OSt20240711105600.0tu200917s2020||||||| aDE-2950cDE-295000aWas der Bunte Hering bietetbParty. Konzerte auf vielen Bühnen, Public Viewing, Rummel und Kulinarisches aus aller Welt: von Freitag bis Sonntag steigt in Frankfurt das Stadtfest/cThomas Gutke c2024 aFrankfurt (Oder)  aJubiläum0 g35. Jahrgang (2024) Nr. 159 vom 10.07.2024, S. 15 mit Foto tMärkische Oderzeitung